|
|
|
|
| LEADER |
00000nam a2200000 i 4500 |
| 001 |
1/3140 |
| 008 |
000517s1997 eng d |
| 020 |
|
|
|a 1-56592-287-5
|
| 035 |
|
|
|l 10060692
|
| 040 |
|
|
|a GR-MY-UA
|b gre
|e aacr
|
| 041 |
0 |
|
|a eng
|
| 082 |
0 |
|
|a 005.432
|
| 245 |
1 |
0 |
|a Be developer's guide /
|c Be Development Team
|
| 260 |
|
|
|a Cambridge :
|a Sebastopol, CA :
|b O'Reilly,
|c c1997
|
| 300 |
|
|
|a xi, 934 p.;
|b ill.;
|c 24 cm. +
|e 1 computer laser optical disc (4 3/4 in.)
|
| 500 |
|
|
|a "The official documentation for the BeOS."--Cover
|
| 504 |
|
|
|a Includes index
|
| 630 |
0 |
0 |
|a Be (Computer file)
|
| 650 |
0 |
0 |
|a Operating systems (Computers)
|
| 710 |
2 |
|
|a Be Development Team.
|
| 852 |
|
|
|a INST
|b SAMOS
|e 20000517
|h 005.432 BED
|p 005300015496
|q 005300015496
|t BK
|y 0
|
| 852 |
|
|
|a INST
|b SAMOS
|e 20000517
|h 005.432 BED
|p 005300015495
|q 005300015495
|t BK
|y 0
|
| 901 |
|
|
|a BIBL3-2000-2
|
| 909 |
|
|
|a Σ
|b 067625
|
| 909 |
|
|
|a Σ
|b 067626
|
| 922 |
|
|
|a 3ΕΛΗ
|b 200001
|c ΤΠΕΣ/ΤΑΚΤ
|d ΠΑΠΑΣΩΤΗΡΙΟΥ
|
| 970 |
|
|
|z 2000/05/ΜΠΡΑΤΤΗΣ
|